Honduras: en el banquillo de los acusados, en el tribunal permanente de los pueblos

Uloženo v:
Podrobná bibliografie
Médium: Kniha
Jazyk:Spanish
Tagy: Přidat tag
Žádné tagy, Buďte první, kdo vytvoří štítek k tomuto záznamu!

MARC

LEADER 00000nam a22000007a 4500
003 cru CIDCACS/IIS
005 20181101160246.0
007 ta
008 181101s1990 ho |||p|r||||||0| ||spa|d
999 |c 41874  |d 41874 
040 |c cru CIDCACS/IIS 
245 1 |a Honduras:  |b en el banquillo de los acusados, en el tribunal permanente de los pueblos 
300 |a página 8-11:  |b fotos 
942 |2 ddc  |c PP 
773 0 |0 41867  |9 2376  |a Comité para la Defensa de los Derechos Humanos (Honduras)  |d Tegucigalpa; Honduras:  |o 18107  |t CODEH: